| 000 | 00646nam a22001937a 4500 | ||
|---|---|---|---|
| 999 |
_c17387 _d17387 |
||
| 003 | AR-CdUCM | ||
| 008 | 190401b ||||| |||| 00| 0 spa d | ||
| 040 |
_aMUNICIPALIDAD PROVINCIAL DEL CUSCO _cBIBLIOTECA MUNICIPAL DEL CUSCO |
||
| 082 |
_a345.73 / _bN89 |
||
| 245 |
_aLey orgánica del Poder Judicial : _bDecreto-Ley N° 14605 (25/7/1963) |
||
| 260 |
_aLima : _bMercurio, _c1977. |
||
| 300 |
_a258 páginas ; _c19 cm. |
||
| 505 | _aContenido: Decreto - ley N° 14605 / | ||
| 650 |
_aPoder judicial _96955 |
||
| 650 |
_aLegislación _92962 |
||
| 710 |
_aColegio de abogados de Lima _927283 |
||
| 942 |
_2ddc _cLIBROS |
||
| 945 |
_arjall _d2019-05-08 |
||